Tratamiento del IVA en operaciones transfronterizas (Registro nro. 19884)

Detalles MARC
000 -LEADER
fixed length control field 00325 a2200109 4500
001 - CONTROL NUMBER
control field ART_40144
005 - DATE AND TIME OF LATEST TRANSACTION
control field 20260410161753.0
008 - FIXED-LENGTH DATA ELEMENTS--GENERAL INFORMATION
fixed length control field 260409a
100 1# - MAIN ENTRY--PERSONAL NAME
Personal name Volman, Mario
245 10 - TITLE STATEMENT
Title Tratamiento del IVA en operaciones transfronterizas
773 0# - HOST ITEM ENTRY
Title Doctrina tributaria
Related parts - Nº 388 (jul. 2012)
Record control number REV4296

No hay ítems disponibles.